Játékfejlesztés Scolia Social platformra

Elmentve itt :
Bibliográfiai részletek
Szerző: Dávid Szabolcs
További közreműködők: Kiss Ákos (Témavezető)
Lóki Gábor (Témavezető)
Dokumentumtípus: Szakdolgozat
Megjelent: 2020
Tárgyszavak:
Online Access:http://diploma.bibl.u-szeged.hu/109908
LEADER 00820nta a2200217 i 4500
001 dipl109908
005 20210408113611.0
008 210325s2020 hu om 0|| zxx d
040 |a SZTE Diploma Repozitórium  |b hun 
041 |a zxx 
100 1 |a Dávid Szabolcs 
245 1 0 |a Játékfejlesztés Scolia Social platformra  |h [elektronikus dokumentum] /  |c Szabolcs Dávid 
246 1 0 |a Game development for Scolia Social platform  |h [elektronikus dokumentum] 
260 |c 2020 
650 4 |a Természettudományok 
650 4 |a Natural sciences 
650 4 |a Computer and information sciences 
650 4 |a Computer sciences, information science and bioinformatics 
700 0 1 |a Kiss Ákos  |e ths 
700 0 1 |a Lóki Gábor  |e ths 
856 4 0 |u https://diploma.bibl.u-szeged.hu/id/eprint/109908/1/2020_david_szabolcs.pdf  |z Dokumentum-elérés